03816nam a22003858i 4500001001900000003000700019005001700026006001900043007001500062008004100077020003700118020002700155024003100182040002600213041000800239050000800247072001600255072002500271082001200296100003800308245010700346246005200453300005200505490002500557504005100582505185800633520063702491546001203128650002303140650002503163650002903188776014303217830002603360856004403386BRILL9789004504615nllekb20260415154324.0m d cr un uuuua230524s2023 gw sb 001 0 eng d a9789004504615q(electronic book) z9789004504608q(print)7 a10.1163/97890045046152DOI aNL-LeKBcNL-LeKBerda aeng 4aAM7 7aPDX2bicssc 7aSCIx0340002bisacsh04a0692231 aGauvin, Jean-François,eauthor.10aInstruments of Knowledge :bFinding Meaning in Objects, Habits, and Museums /cJean-François Gauvin.3 aFinding Meaning in Objects, Habits, and Museums a1 online resource (288 pages) :billustrations.1 aNuncius Series ;v12 aIncludes bibliographical references and index.0 tAcknowledgments -- List of Illustrations -- Introduction -- 1 A Short Case Study: The Early Académie royale des sciences in Paris -- 2 Reading This Book -- Part 1: Organum -- Introduction -- 1 Quid organum erat? The Idea of Instrument in Early Modern Europe -- 1 Organum scientiae: Definitions and Examples -- 2 Organ-ization of Knowledge -- 2 Organ Making and Natural Philosophical Knowledge in Marin Mersenne's Harmonie Universelle -- 1 Mersenne's Seven Books on Instruments in the Harmonie universelle -- 2 The Organ and Mersenne's Epistemology of Natural Philosophical Knowledge -- 3 Musical Instruments and the 'parfait musicien' -- Part 2: Habitus -- Introduction -- 3 Habitus in corpore, habitus in anima: Making and Thinking in Early Modern Europe -- 1 Defining habitus in Early Modern Europe -- 2 Habitus and Descartes's Logic of Practice -- 3 Habitus and the Concept of Knowledge Production -- 4 Blaise Pascal, coutume, and the Arithmetical Machine -- 4 From idiotae to artistes: Artisans, Instruments, and the Nature of Craftsmanship in Early Modern Europe -- 1 Descartes, Artisans, and âmes réglées -- 2 Who Assists Whom: The Structural Dynamic of Artisan and Savant Interactions -- 3 From artiste to Toyware Manufacturing -- Part 3: Museum -- Introduction -- 5 Repair, Restoration, Exhibition: Instruments and the Epistemic Value of Brokenness -- 1 Restorer v. Conservator: How to 'Repair' Damaged Instruments? -- 2 Reconstruction and Restoration: Abbé Nollet's Scientific Instruments -- 3 Identity, Integrity, Authenticity: Between the Unit of the Total and the Unit of the Whole -- 4 Reuse and Recycle: Exhibiting the DIY of Scientists and Craftsmen -- 6 Instrument Trajectories: Ways of Knowing the World -- 1 Collecting Instruments -- 2 Knowing Through Playing -- 3 Digitizing Collections -- Epilogue -- Bibliography -- Index. aIn a bid to claim 'scientific objects' as requiring a significant amount of conceptual labor, this book looks sequentially at instruments, habits, and museums. The goal is to uncover how, together, these material and immaterial activities, rules, and commitments form one meaningful and credible blueprint revealing the building blocks of knowledge production. They serve to conceptualize and examine the entire life of an instrument: from its ideation and craft to its use, reuse, circulation, recycling, and (if not obliterated) its final entry into a museum. It is such an epistemological triptych that guides this investigation. aEnglish 0aMuseum techniques. 0aMuseumsxPhilosophy. 0aMuseumsxSocial aspects.08iPrint version:tInstruments of Knowledge : Finding Meaning in Objects, Habits, and Museums.dLeiden ; Boston : Brill, 2023.z9789004504608 0aNuncius Series ;v12.4 uhttp://dx.doi.org/10.1163/9789004504615